000 00208 a2200097 4500
001 6186
100 _aGibson, J.E
245 _aNonlinear automatic control
260 _a
_bMcgrawhill
_c
090 _c5074
_d5074
942 _aNUST-CAE
_cM
_c31461
999 _c241259
_d241259